| 000 | 00486nam a2200181 a 4500 | ||
|---|---|---|---|
| 005 | 20140310183300.0 | ||
| 008 | 041207s19uu xx 00 eng d | ||
| 020 | _a0671677217 | ||
| 050 |
_aPL 842.O75 _b.Y65 1989 |
||
| 100 | _aYoshikawa, Elji | ||
| 245 |
_aMusashi/. _cEiji Yoshikawa |
||
| 260 |
_aNew York ; _bPocket Books, _c1989. |
||
| 300 |
_a330 p. : _c17 cm. |
||
| 650 |
_aSwordsmen _xJapan _xFiction. |
||
| 650 | _aBiographical Fiction. | ||
| 942 |
_cBK _2lcc |
||
| 999 |
_c20971 _d20971 |
||